| 000 | 01283nam a2200421 a 4500 | ||
|---|---|---|---|
| 003 | AR-BaBNM | ||
| 005 | 20251128205531.0 | ||
| 008 | 082120s2002 ||||||||||||||000 | spa|| | ||
| 020 | _a84-8198-139-7 | ||
| 040 | _cAR-BaBNM | ||
| 245 | 0 | 0 |
_aSistema sexo-género _bunidad didáctica |
| 260 |
_aMadrid _bAsociación pro Derechos Humanos. Seminario de Educación para la Paz. {Madrid} _bLos Libros de la Catarata _c1996 |
||
| 300 |
_a155 p. _bdiagr., il., tablas |
||
| 490 | 0 |
_aEdupaz _vv. 5 |
|
| 504 | _aBibliografía para EGB: p. 104-105 | ||
| 504 | _aBibliografía para Secundaria Obligatoria: p. 154-155 | ||
| 650 | 4 | _aDIFERENCIAS ENTRE SEXOS | |
| 650 | 4 | _aEDUCACION DE LA MUJER | |
| 650 | 4 | _aDIFERENCIACION CULTURAL | |
| 650 | 4 | _aDIFERENCIACION SOCIAL | |
| 650 | 4 | _aTECNICAS DE ENSEÑANZA | |
| 650 | 4 | _aSEXO MASCULINO | |
| 650 | 4 | _aMUJERES | |
| 650 | 4 | _aTRABAJADORAS | |
| 651 | 4 | _aEspaña | |
| 653 | _aTEMAS TRANSVERSALES | ||
| 653 | _aEDUCACION GENERAL BASICA | ||
| 653 | _aEDUCACION SECUNDARIA | ||
| 700 | 1 | _aBastida, Anna | |
| 700 | 1 | _aCascón Soriano, Paco | |
| 700 | 1 | _aGonzález, Montse | |
| 700 | 1 | _aGrasa, Rafael | |
| 700 | 1 | _aIglesias, Calo | |
| 700 | 1 | _aLópez, Javier | |
| 700 | 1 | _aPoleo, Antonio | |
| 942 | _cBK | ||
| 998 | _cSILVI | ||
| 999 |
_c11783 _d11783 |
||